000 00477nam a2200181Ia 4500
008 230524s9999 xx 000 0 und d
020 _a9780070581944
082 _a658.73
_bBEL
100 _aGeorge E.Belch
245 0 _aAdvertising And Promotion : An Integrated Marketing Communications
250 _a6TH
260 _aNEW DELHI
_bTMH
_c2008
300 _aXIV;777
500 _aQuantity Number: 2
650 _aManagement
700 _a Michael A. Belch
942 _cBK
999 _c43976
_d43976